000 00480nam a2200181Ia 4500
001 22591
005 20260414150841.0
008 260414t2007||||xx |||||||||||||| ||spa||
041 _aESP
082 _a621.3821
_bA174
100 _aAsh, Gerald R.
_eAUT
245 0 _aTraffic Engineering and Qos Optimization of Integrated Voice & Data Networks
_b
260 _c2007
300 _axxix, 478 páginas :
_c24 cm.
650 _aTCA
654 _aCET
942 _cLIB
_dJUS
_fJUS
_2ddc
_n
999 _c22591
_d22591